000 00529nam a2200181Ia 4500
999 _c30166
_d30166
003 OSt
005 20201230094202.0
008 190216s9999||||xx |||||||||||||| ||und||
020 _a9788182671867
040 _coclc
082 _a894.812301
_bAUT/M
100 _aAuthors
_91880
245 0 _aMathrubhumi Aazhchappathippu Kathakal 2016 /
_cAuthors
260 _bMathrubhumi Books,
_c2017.
_aKozhikode:
300 _a414p
650 _aMalayalam
942 _cBK
_2ddc
_h894.812301
_iAUT/M
_k894.812301
_mAUT/M